000 00847cab a2200241 4500
001 ABS56602
008 090401t1997 xxu||||| |||| 00| 0 eng d
035 _a(Sirsi) u24793
041 _aeng
100 _aDriscoll, J.
245 _aAssured tenancies: the new law (1)
260 _c1997
350 _a0
490 _aSolicitors` Journal
_v(141) 14 February 1997, 130-131(2)
520 _aIn the first of two articles on the Housing Act 1996, the author examines the new provisions governing assured shorthold tenancies and discusses changes to assured tenancies.
650 _aASSURED SHORTHOLD TENANCIES
650 _aASSURED TENANCIES
650 _aHOUSING ACT 1996
650 _aRENT ARREARS
690 _aPROPERTY-RESIDENTIAL PROPERTY-RESIDENTIAL LANDLORD AND TENANT-RESIDENTIAL TENANCIES
942 _n0
948 _c04/03/1997
999 _c16632
_d16632